000 00805nam a2200241 i 4500
001 106680
003 ES-MaACL
005 20250820100132.0
007 t|
008 061215s1971 fr ||||1| fre d
080 _a262.13
080 _a232.931.2
100 1 _aPanizza, Oskar.
_988797
245 1 2 _aL'immaculée conception des papes /
_cpar le Frère Martin O.S.B. ; traduit de l'espagnol par Oscar Panizza ; nouvellement traduit de l'allemand par Jean Bréjoux.
260 _aParis :
_bJean-Jacques Pauvert,
_c1971.
300 _a177 p. ;
_c22 cm.
500 _aBiblioteca Jacinto Martínez Lacalle.
650 1 4 _aPapas.
_915815
650 1 7 _aInmaculada Concepción
_2embne
_9162762
700 1 _aBréjoux, Jean.
_931564
852 _aES-MaACL
_jE-11448
_bR.139136
999 _c106680
_d106680